<?xml version="1.0" encoding="UTF-8"?>
<record
    xmlns:xsi="http://www.w3.org/2001/XMLSchema-instance"
    xsi:schemaLocation="http://www.loc.gov/MARC21/slim http://www.loc.gov/standards/marcxml/schema/MARC21slim.xsd"
    xmlns="http://www.loc.gov/MARC21/slim">

  <leader>02308nam a2200265   4500</leader>
  <controlfield tag="001">113524</controlfield>
  <controlfield tag="003">DR-UNIBE</controlfield>
  <controlfield tag="005">20250501094514.0</controlfield>
  <controlfield tag="008">250430b1994    cl ||||| |||| 00| 0 spa d</controlfield>
  <datafield tag="020" ind1=" " ind2=" ">
    <subfield code="a">958993610702</subfield>
  </datafield>
  <datafield tag="040" ind1=" " ind2=" ">
    <subfield code="a">BIBLIOTECA UNIBE</subfield>
    <subfield code="b">spa</subfield>
    <subfield code="c">BIBLIOTECA UNIBE</subfield>
    <subfield code="e">rda</subfield>
  </datafield>
  <datafield tag="041" ind1=" " ind2=" ">
    <subfield code="a">spa</subfield>
  </datafield>
  <datafield tag="082" ind1=" " ind2=" ">
    <subfield code="2">22</subfield>
    <subfield code="a">346.0135 G17d</subfield>
  </datafield>
  <datafield tag="100" ind1="1" ind2="0">
    <subfield code="a">Garc&#xED;a Mendez, Emilio,</subfield>
    <subfield code="d">1950-</subfield>
    <subfield code="e">autor</subfield>
    <subfield code="9">194190</subfield>
  </datafield>
  <datafield tag="245" ind1="1" ind2="0">
    <subfield code="a">Derecho de la infancia-adolescencia en Am&#xE9;rica Latina : </subfield>
    <subfield code="b">de la situaci&#xF3;n irregular a la protecci&#xF3;n integral / </subfield>
    <subfield code="c">Emilio Garc&#xED;a M&#xE9;ndez ; pr&#xF3;logo de Marta Maura</subfield>
  </datafield>
  <datafield tag="260" ind1=" " ind2=" ">
    <subfield code="a">Bogot&#xE1; : </subfield>
    <subfield code="b">Forum Pacis, </subfield>
    <subfield code="c">1994</subfield>
  </datafield>
  <datafield tag="300" ind1=" " ind2=" ">
    <subfield code="a">191 p&#xE1;ginas :</subfield>
    <subfield code="c">23  x 13 cm</subfield>
  </datafield>
  <datafield tag="500" ind1=" " ind2=" ">
    <subfield code="a">Informaci&#xF3;n del autor en la solapa. Car&#xE1;tula: "El asno en la escuela", Pieter Bruegel</subfield>
  </datafield>
  <datafield tag="504" ind1=" " ind2=" ">
    <subfield code="a">Incluye bibliograf&#xED;a al final de cada cap&#xED;tulo </subfield>
  </datafield>
  <datafield tag="505" ind1=" " ind2=" ">
    <subfield code="a">Pr&#xF3;logo |
Introducci&#xF3;n 
I. Legislaciones infanto-juveniles en Am&#xE9;rica Latina: modelos y tendencias |
II. Para una historia del control penal de la infancia: la informalidad de los mecanismos formales de control social |
III. Pol&#xED;tica de infancia-adolescencia en Am&#xE9;rica Latina: Estado-movimiento social y modelo jurpidico-institucional |
IV. La Convenci&#xF3;n Internacional de los derechos del ni&#xF1;o: del menor como objeto de la compasi&#xF3;n-represi&#xF3;n a la infancia-adolescencia como sujeto de derechos |
V. Bases para una reconstrucci&#xF3;n-destrucci&#xF3;n hist&#xF3;rica de las pr&#xE1;cticas de privaci&#xF3;n de libertad e la infancia-adolescencia |
VI. El nuevo Estatuto de crian&#xE7;a e do adolescente" en Brasil, de la situaci&#xF3;n irregular a la protecci&#xF3;n integral: una visi&#xF3;n latinoamericana |
VII. Brasil: de infancias y violencias |
VIII. Brasil, adolescentes infractores graces: sistema de justicia y pol&#xED;tica de atenci&#xF3;n |
IX. Infancia y adolescencia en la Argentina actual: pautas pol&#xED;tico-jur&#xED;dicas para la reforma legislativa |
X. La legislaci&#xF3;n de menores en Am&#xE9;rica Latina: una doctrina de situaci&#xF3;n irregular |
XI. El derecho de menores como derecho mayor (trabajo elaborado en colaboraci&#xF3;n con Elias Carranza, Ilanud) |
</subfield>
  </datafield>
  <datafield tag="650" ind1=" " ind2="7">
    <subfield code="2">lemb</subfield>
    <subfield code="a"> Derechos del ni&#xF1;o</subfield>
    <subfield code="z"> Am&#xE9;rica Latina</subfield>
    <subfield code="9">194788</subfield>
  </datafield>
  <datafield tag="700" ind1="1" ind2="0">
    <subfield code="a">Maur&#xE1;s P&#xE9;rez, Marta</subfield>
    <subfield code="d">1947-</subfield>
    <subfield code="e">prologuista</subfield>
    <subfield code="9">194785</subfield>
  </datafield>
  <datafield tag="710" ind1="1" ind2="0">
    <subfield code="a">Editoral Gente Nueva</subfield>
    <subfield code="9">194786</subfield>
    <subfield code="e">dise&#xF1;ador</subfield>
    <subfield code="e">arte</subfield>
  </datafield>
  <datafield tag="942" ind1=" " ind2=" ">
    <subfield code="2">ddc</subfield>
    <subfield code="c">BK</subfield>
  </datafield>
  <datafield tag="999" ind1=" " ind2=" ">
    <subfield code="c">113524</subfield>
    <subfield code="d">113524</subfield>
  </datafield>
  <datafield tag="952" ind1=" " ind2=" ">
    <subfield code="0">0</subfield>
    <subfield code="1">0</subfield>
    <subfield code="2">ddc</subfield>
    <subfield code="7">0</subfield>
    <subfield code="8">GEN</subfield>
    <subfield code="a">Principal</subfield>
    <subfield code="d">2025-04-01</subfield>
    <subfield code="l">0</subfield>
    <subfield code="o">346.0135 G17d</subfield>
    <subfield code="p">250371</subfield>
    <subfield code="r">2025-04-30 16:29:43</subfield>
    <subfield code="t">Ej. 1</subfield>
    <subfield code="w">2025-04-30</subfield>
    <subfield code="y">BK</subfield>
  </datafield>
</record>
